00432 2200181 4500001002100000005001500021008004100036020002200077035001900099041000700118082000800125090001700133100001100150245002800161260003300189300001800222650001000240INLIS00000000000643420241224113306241224||||||||| | ||| |||| || |  a978-979-1474-02-3 0010-1224006434 aid0 a001 a001.03 ADA p0 aM.Adam00aPanduan Lengkap Sains 2 aJakartabMedia Pusindoc2008 a24 hlm; 25 cm 0aSains